000 00650nam a22002177i 4500
999 _c23234
_d23234
003 AR-CdUCM
008 250303b20212021 pe||||| |||| 00| 0 spa d
020 _a978-612-01-0567-2
040 _aMUNICIPALIDAD PROVINCIAL DEL CUSCO
_cBIBLIOTECA MUNICIPAL DEL CUSCO
041 _hspa
082 _aPI / 808.83 / D66D
_bD66D
100 _aDi Natale, Mónica
_951066
245 _aEl delfín sinfín /
260 _aLima :
_bSantillana S.A.
_c2021
300 _a12 páginas. :
_c22x20 cm.
505 _aEl delfín sinfín
700 _aVillaseca, Alejandra
_951069
700 _aArce, Silvia
_951068
942 _2ddc
_cLIBROS
945 _apbjr
_d3-03-2025